[Event "Oberliga Ost B 2016 2017"]
[Site "Germany"]
[Date "2016.11.20"]
[Round "3.5"]
[White "Buckan, Jens"]
[Black "Oparaugo, Thomas"]
[Result "1/2-1/2"]
[WhiteElo "2087"]
[BlackElo "2088"]
[PlyCount "50"]
[EventDate "2016.10.16"]
[EventType "team-tourn"]
[EventCountry "GER"]
[WhiteTeam "Erfurt SV Empor"]
[BlackTeam "Oberursel SV"]
[WhiteTeamCountry "GER"]
[BlackTeamCountry "GER"]

1. e4 e5 2. Nf3 Nc6 3. Bb5 a6 4. Ba4 Nf6 5. O-O b5 6. Bb3 Be7 7. Re1 d6 8. h3
Na5 9. c3 Nxb3 10. axb3 Bb7 11. d3 O-O 12. Nbd2 Nd7 13. Qe2 c5 14. d4 cxd4 15.
cxd4 Qb6 16. Qe3 Rac8 17. Nf1 Bf6 18. dxe5 Qxe3 19. Bxe3 Nxe5 20. Nd4 Nd3 21.
Red1 Bxd4 22. Bxd4 Nc5 23. Nd2 Nxe4 24. Nxe4 Bxe4 25. Rxa6 Bc2 1/2-1/2

[Event "Oberliga Ost B 2016 2017"]
[Site "Germany"]
[Date "2016.11.20"]
[Round "3.7"]
[White "Sieber, Stephan"]
[Black "Kuban, Guenther"]
[Result "1-0"]
[WhiteElo "2208"]
[BlackElo "2187"]
[PlyCount "83"]
[EventDate "2016.10.16"]
[EventType "team-tourn"]
[EventCountry "GER"]
[WhiteTeam "Erfurt SV Empor"]
[BlackTeam "Oberursel SV"]
[WhiteTeamCountry "GER"]
[BlackTeamCountry "GER"]

1. e4 c5 2. Nf3 Nc6 3. d4 cxd4 4. Nxd4 Nf6 5. Nc3 e6 6. Be3 Bb4 7. Bd3 d5 8.
Nxc6 bxc6 9. e5 d4 10. exf6 dxe3 11. fxg7 Bxc3+ 12. bxc3 exf2+ 13. Kxf2 Qb6+
14. Ke1 Rg8 15. Qg4 Qe3+ 16. Kd1 Qh6 17. Qe4 Qh5+ 18. Ke1 Bd7 19. Qxh7 Qe5+ 20.
Kd1 O-O-O 21. Rb1 Kc7 22. Qh4 Bc8 23. Qf2 Rd7 24. Qxa7+ Kd8 25. Qb6+ Ke7 26.
Qxc6 Rgd8 27. Kc1 Rc7 28. Qe4 Qxg7 29. Rb3 Rd6 30. Kb2 Bd7 31. Rd1 Bc6 32. Qb4
Bd5 33. Qb8 Rdc6 34. Bb5 Rxc3 35. Qe8+ Kd6 36. Qd8+ Ke5 37. Rxc3 Rxc3 38. Kxc3
Ke4+ 39. Kd2 Qxg2+ 40. Kc1 Qxh2 41. Bd3+ Kd4 42. Qb6+ 1-0

[Event "Oberliga Ost B 2016 2017"]
[Site "Germany"]
[Date "2016.11.20"]
[Round "3.8"]
[White "Olesiak, Marcin"]
[Black "Nicolai, Tim"]
[Result "1-0"]
[WhiteElo "1997"]
[BlackElo "1851"]
[PlyCount "59"]
[EventDate "2016.10.16"]
[EventType "team-tourn"]
[EventCountry "GER"]
[WhiteTeam "Oberursel SV"]
[BlackTeam "Erfurt SV Empor"]
[WhiteTeamCountry "GER"]
[BlackTeamCountry "GER"]

1. d4 f5 2. c4 Nf6 3. Nc3 g6 4. Nf3 Bg7 5. Bf4 O-O 6. e3 d6 7. Be2 Qe8 8. Qb3
Kh8 9. h3 e6 10. O-O h6 11. c5 g5 12. Bh2 Qe7 13. cxd6 cxd6 14. Qa3 Rd8 15. Ne5
Kh7 16. Nb5 Bf8 17. Rac1 Na6 18. Nc4 Ne8 19. Nbxd6 Nxd6 20. Bxd6 Rxd6 21. Qxd6
Qxd6 22. Nxd6 Bxd6 23. Bxa6 bxa6 24. Rc6 Bf8 25. Rc7+ Kg6 26. Rfc1 e5 27. Rxc8
Rxc8 28. Rxc8 Bg7 29. d5 e4 30. d6 1-0

[Event "Oberliga Ost B 2016 2017"]
[Site "Germany"]
[Date "2016.11.20"]
[Round "3.1"]
[White "Wehner, Janis"]
[Black "Feldtmann, Thomas"]
[Result "0-1"]
[WhiteElo "2210"]
[BlackElo "2221"]
[PlyCount "80"]
[EventDate "2016.10.16"]
[EventType "team-tourn"]
[EventCountry "GER"]
[WhiteTeam "Erfurt SV Medizin"]
[BlackTeam "Marburg SK"]
[WhiteTeamCountry "GER"]
[BlackTeamCountry "GER"]

1. e4 c5 2. Nf3 e6 3. d4 cxd4 4. Nxd4 a6 5. Bd3 Qc7 6. O-O Nf6 7. Nc3 Bc5 8.
Nb3 Be7 9. Qe2 Nc6 10. f4 d6 11. Bd2 b6 12. Rae1 h5 13. e5 dxe5 14. fxe5 Ng4
15. Bf4 b5 16. Nd1 Bb7 17. Nf2 Qb6 18. h3 Nxf2 19. Qxf2 Qxf2+ 20. Rxf2 Nb4 21.
Nc1 Nd5 22. Rff1 Nxf4 23. Rxf4 Rc8 24. Nb3 Bd8 25. c3 Bb6+ 26. Kh1 g5 27. Rff1
Rd8 28. Be4 Bxe4 29. Rxe4 Rd5 30. c4 bxc4 31. Rxc4 O-O 32. Re4 Rfd8 33. g3 Rb5
34. Rf3 Rdd5 35. a4 Rxe5 36. axb5 Rxe4 37. bxa6 Re1+ 38. Kg2 Re2+ 39. Kf1 Rxb2
40. Rc3 Kg7 0-1

[Event "Oberliga Ost B 2016 2017"]
[Site "Germany"]
[Date "2016.11.20"]
[Round "3.2"]
[White "Dorst, Johannes"]
[Black "Hausknecht, Matthias"]
[Result "1-0"]
[WhiteElo "2247"]
[BlackElo "2186"]
[PlyCount "83"]
[EventDate "2016.10.16"]
[EventType "team-tourn"]
[EventCountry "GER"]
[WhiteTeam "Marburg SK"]
[BlackTeam "Erfurt SV Medizin"]
[WhiteTeamCountry "GER"]
[BlackTeamCountry "GER"]

1. e4 d5 2. exd5 Qxd5 3. Nc3 Qd6 4. d4 Nf6 5. Nf3 c6 6. g3 Bg4 7. Bg2 e6 8. O-O
Be7 9. Bf4 Qb4 10. Qd2 Nbd7 11. a3 Qb6 12. h3 Bh5 13. g4 Bg6 14. Nh4 O-O 15.
Nxg6 hxg6 16. Qe3 Rfe8 17. Rfd1 Rac8 18. b3 Nd5 19. Nxd5 cxd5 20. c4 dxc4 21.
bxc4 Rxc4 22. Rab1 Qa5 23. Rxb7 Nf6 24. Qe2 Qa4 25. Be5 Nd5 26. Bxd5 exd5 27.
Qf3 Rc3 28. Qxc3 Qxd1+ 29. Kg2 Qe2 30. Rxa7 Bf6 31. Bxf6 gxf6 32. Qf3 Qe6 33.
Ra5 Rd8 34. Rc5 Kg7 35. a4 Rd6 36. a5 Qd7 37. h4 Qe6 38. g5 Qd7 39. Kg3 fxg5
40. hxg5 Kh7 41. Qf4 Kg8 42. Qe5 1-0

[Event "Oberliga Ost B 2016 2017"]
[Site "Germany"]
[Date "2016.11.20"]
[Round "3.3"]
[White "Nguyen, Huy Dat"]
[Black "Alber, Horst"]
[Result "1/2-1/2"]
[WhiteElo "2174"]
[BlackElo "2318"]
[PlyCount "143"]
[EventDate "2016.10.16"]
[EventType "team-tourn"]
[EventCountry "GER"]
[WhiteTeam "Erfurt SV Medizin"]
[BlackTeam "Marburg SK"]
[WhiteTeamCountry "GER"]
[BlackTeamCountry "GER"]

1. d4 Nf6 2. c4 g6 3. g3 Bg7 4. Bg2 O-O 5. Nc3 Nc6 6. Nf3 a6 7. O-O Rb8 8. Bf4
d6 9. Rc1 Nh5 10. Bg5 Bd7 11. b3 h6 12. Be3 e5 13. dxe5 dxe5 14. Qd2 Kh7 15.
Rfd1 Be6 16. Bc5 Qxd2 17. Nxd2 Rfe8 18. Nd5 Rbc8 19. Ne4 f5 20. Nec3 Bf8 21.
Na4 Bg7 22. Nac3 Bf8 23. Bxf8 Rxf8 24. Rd2 Rf7 25. Rcd1 Re8 26. Na4 Kg7 27.
Ndc3 e4 28. Nc5 Bc8 29. Nd5 b6 30. Na4 g5 31. Nac3 Ne5 32. f3 exf3 33. exf3 Ng6
34. Kf2 f4 35. g4 Nf6 36. Nxf6 Kxf6 37. Bf1 Bb7 38. Bd3 Ne5 39. Nd5+ Kg7 40.
Bf5 b5 41. Re2 bxc4 42. bxc4 Bxd5 43. cxd5 Rfe7 44. Rc2 Rd8 45. Rd4 Rd6 46. Ra4
Kf6 47. Be4 Rb6 48. h3 Kf7 49. Ra5 Ke8 50. Rac5 Kd8 51. a4 Nf7 52. a5 Rb3 53.
Bf5 Ree3 54. Rxc7 Rxf3+ 55. Ke1 Rbe3+ 56. Kd1 Rf1+ 57. Kd2 Rf2+ 58. Kd1 Rf1+
59. Kd2 Rf2+ 60. Kc1 Rxc2+ 61. Rxc2 Nd6 62. Kd2 Nxf5 63. gxf5 Re5 64. Rc6 Rxd5+
65. Ke2 Rxf5 66. Rxa6 h5 67. Kf3 Rb5 68. Rh6 Rb3+ 69. Kg2 g4 70. Rxh5 Rb2+ 71.
Kg1 Rb1+ 72. Kg2 1/2-1/2

[Event "Oberliga Ost B 2016 2017"]
[Site "Germany"]
[Date "2016.11.20"]
[Round "3.4"]
[White "Henrich, Thomas"]
[Black "Kirschbaum, Gunnar"]
[Result "1/2-1/2"]
[WhiteElo "2212"]
[BlackElo "2141"]
[PlyCount "124"]
[EventDate "2016.10.16"]
[EventType "team-tourn"]
[EventCountry "GER"]
[WhiteTeam "Marburg SK"]
[BlackTeam "Erfurt SV Medizin"]
[WhiteTeamCountry "GER"]
[BlackTeamCountry "GER"]

1. d4 Nf6 2. Bg5 g6 3. Bxf6 exf6 4. e3 Bg7 5. c4 d6 6. Bd3 c6 7. Nc3 O-O 8. h4
c5 9. Nge2 Nc6 10. Qd2 f5 11. d5 Ne5 12. h5 a6 13. hxg6 hxg6 14. a4 Qb6 15. O-O
Qd8 16. f3 Re8 17. g3 Bh6 18. Nf4 g5 19. Ng2 f4 20. exf4 gxf4 21. gxf4 Bh3 22.
Ne4 Kh8 23. Qc3 Bxg2 24. Kxg2 Rg8+ 25. Kf2 Qh4+ 26. Ke2 Rg2+ 27. Rf2 Rxf2+ 28.
Nxf2 Qxf4 29. Rh1 Qxf3+ 30. Kf1 Kg7 31. Rh3 Qf4 32. Kg2 Rg8 33. Rg3+ Kf8 34.
Rxg8+ Kxg8 35. Be2 Ng6 36. Qg3 Bg7 37. b3 Qd2 38. Qg4 Nf4+ 39. Kf1 f5 40. Qf3
Bd4 41. Nd3 Qxe2+ 42. Qxe2 Nxe2 43. Kxe2 Kf7 44. Nf4 Kf6 45. Ne6 Bc3 46. Nd8
Ba5 47. Ne6 Ke5 48. Kf3 f4 49. Ng7 Bd8 50. Ne6 Bf6 51. Kg4 Ke4 52. Nxf4 Kd4 53.
Kf5 Be5 54. Ng6 Bh2 55. Nh4 Kc3 56. Nf3 Bg3 57. Ng5 Kxb3 58. Ne4 Kxc4 59. Ke6
Bh2 60. Nxd6+ Bxd6 61. Kxd6 b5 62. Kc6 bxa4 1/2-1/2

[Event "Oberliga Ost B 2016 2017"]
[Site "Germany"]
[Date "2016.11.20"]
[Round "3.5"]
[White "Reichel, Norbert"]
[Black "Rolle, Eric"]
[Result "0-1"]
[WhiteElo "2131"]
[BlackElo "2195"]
[PlyCount "84"]
[EventDate "2016.10.16"]
[EventType "team-tourn"]
[EventCountry "GER"]
[WhiteTeam "Erfurt SV Medizin"]
[BlackTeam "Marburg SK"]
[WhiteTeamCountry "GER"]
[BlackTeamCountry "GER"]

1. c4 Nf6 2. g3 e5 3. Bg2 Bc5 4. e3 O-O 5. Ne2 Re8 6. O-O Nc6 7. d4 Bf8 8. Nbc3
d6 9. h3 exd4 10. exd4 Rb8 11. Bg5 h6 12. Be3 a6 13. Nf4 Bd7 14. Qd2 Ne7 15.
Nfd5 Nexd5 16. Nxd5 Ne4 17. Qa5 c6 18. Qxd8 Rbxd8 19. Nb6 Nxg3 20. fxg3 Rxe3
21. Kf2 Rd3 22. Nxd7 Rd2+ 23. Kg1 Rxd7 24. d5 c5 25. Rf2 Rd3 26. g4 Re3 27. Rf3
Re2 28. Rf2 Rde7 29. Raf1 R2e5 30. Rf5 g6 31. Rxe5 Rxe5 32. Rf2 b5 33. b3 Re1+
34. Rf1 Re8 35. Kf2 Be7 36. Rd1 Bg5 37. Rd3 Bh4+ 38. Kf3 Re1 39. cxb5 axb5 40.
Re3 Rd1 41. Re8+ Kg7 42. Rb8 Rd2 0-1

[Event "Oberliga Ost B 2016 2017"]
[Site "Germany"]
[Date "2016.11.20"]
[Round "3.6"]
[White "Duncker, Joachim"]
[Black "Mueller Ludwig, Kristin"]
[Result "1/2-1/2"]
[WhiteElo "2269"]
[BlackElo "2078"]
[PlyCount "153"]
[EventDate "2016.10.16"]
[EventType "team-tourn"]
[EventCountry "GER"]
[WhiteTeam "Marburg SK"]
[BlackTeam "Erfurt SV Medizin"]
[WhiteTeamCountry "GER"]
[BlackTeamCountry "GER"]

1. e4 e6 2. d4 d5 3. Nc3 Bb4 4. exd5 exd5 5. Bd3 h6 6. Qf3 Nc6 7. Nge2 Nf6 8.
h3 Be6 9. Be3 Qd7 10. a3 Bxc3+ 11. Nxc3 O-O-O 12. O-O-O Ne8 13. g4 Rf8 14. Qg2
f5 15. f3 f4 16. Bf2 g5 17. Rde1 Nd6 18. Re2 Bg8 19. h4 Rde8 20. hxg5 hxg5 21.
Rh6 Rxe2 22. Nxe2 Qe7 23. Qh1 Na5 24. Nc3 c6 25. Qe1 Qxe1+ 26. Bxe1 Nac4 27.
Na4 Re8 28. Bf2 Nf7 29. Rh5 Ncd6 30. b3 Re6 31. Nc5 Rh6 32. Rxh6 Nxh6 33. Bg6
Bf7 34. Bh7 Bg8 35. Bd3 Kc7 36. Bg6 Bf7 37. Bh7 Ne8 38. Kd2 Nf6 39. Bd3 b6 40.
Na4 Be6 41. Be2 Nf7 42. Nb2 Ng8 43. Nd3 Ne7 44. Ne1 Nh8 45. Bd3 Nhg6 46. Ng2
Kd7 47. Ke2 Ke8 48. Be1 Bd7 49. Bb4 Bc8 50. a4 Kd7 51. Ne1 Nf8 52. c3 Nfg6 53.
Ba3 Ke6 54. Kf2 Bb7 55. Be2 Kd7 56. Nd3 Ke6 57. Nb2 Bc8 58. b4 Bd7 59. b5 Nc8
60. c4 cxb5 61. cxb5 Nd6 62. Bd3 Ne7 63. Ke2 Be8 64. Kd2 Bg6 65. Be2 Bb1 66.
Kc3 Nec8 67. Bb4 Bg6 68. Bd1 Bh7 69. Bb3 Bg6 70. Nd1 Bf7 71. Nf2 Kf6 72. Nd3
Nc4 73. Nb2 Nxb2 74. Kxb2 Be6 75. Kc3 Bd7 76. Kd3 Ke6 77. Kd2 1/2-1/2

[Event "Oberliga Ost B 2016 2017"]
[Site "Germany"]
[Date "2016.11.20"]
[Round "3.7"]
[White "Jakob, Matthias"]
[Black "Schmidt, Arnd"]
[Result "1-0"]
[WhiteElo "2068"]
[BlackElo "2139"]
[PlyCount "89"]
[EventDate "2016.10.16"]
[EventType "team-tourn"]
[EventCountry "GER"]
[WhiteTeam "Erfurt SV Medizin"]
[BlackTeam "Marburg SK"]
[WhiteTeamCountry "GER"]
[BlackTeamCountry "GER"]

1. d4 Nf6 2. Nf3 e6 3. e3 d5 4. Bd3 Bd6 5. Nbd2 O-O 6. O-O Nbd7 7. c4 c5 8. b3
b6 9. Bb2 Bb7 10. Ne5 cxd4 11. exd4 Rc8 12. Qe2 Re8 13. Rac1 Qe7 14. Rc2 Ba3
15. Ba1 Red8 16. f4 g6 17. Ndf3 Bd6 18. Ng5 Rf8 19. Qe3 Bxe5 20. fxe5 Ng4 21.
Qf4 f5 22. h3 h6 23. Nf3 g5 24. Qd2 Kg7 25. hxg4 fxg4 26. Ne1 Rxf1+ 27. Bxf1 h5
28. Bc3 a5 29. Qe3 Kh6 30. g3 Rf8 31. Bg2 Rf7 32. Bd2 Rf5 33. cxd5 Bxd5 34.
Bxd5 exd5 35. Rc6+ Kg7 36. Rc7 Qe6 37. Qd3 Rf7 38. Qe3 Rf5 39. Qd3 Rf7 40. Qc2
Nf8 41. Bxg5 Rxc7 42. Qxc7+ Nd7 43. Bf6+ Kf7 44. Qd8 b5 45. Ng2 1-0

[Event "Oberliga Ost B 2016 2017"]
[Site "Germany"]
[Date "2016.11.20"]
[Round "3.8"]
[White "Foermes, Alexander"]
[Black "Nguyen, Ha Thanh"]
[Result "1/2-1/2"]
[WhiteElo "2079"]
[BlackElo "1704"]
[PlyCount "48"]
[EventDate "2016.10.16"]
[EventType "team-tourn"]
[EventCountry "GER"]
[WhiteTeam "Marburg SK"]
[BlackTeam "Erfurt SV Medizin"]
[WhiteTeamCountry "GER"]
[BlackTeamCountry "GER"]

1. c4 f5 2. g3 Nf6 3. Bg2 g6 4. Nc3 Bg7 5. e3 O-O 6. Nge2 d6 7. O-O e5 8. b3 c6
9. Bb2 a5 10. d3 Kh8 11. Qd2 Qc7 12. f4 Na6 13. fxe5 dxe5 14. d4 Rd8 15. Na4 e4
16. Bc3 Nb4 17. Bxb4 axb4 18. Qxb4 Ng4 19. Qc3 Qa5 20. Qc1 b5 21. Nb2 Qa3 22.
Nd1 Qxc1 23. Rxc1 Rxa2 24. Nec3 Ra3 1/2-1/2

[Event "Oberliga Ost B 2016 2017"]
[Site "Germany"]
[Date "2016.11.20"]
[Round "3.1"]
[White "De Visser, Leon"]
[Black "Kunin, Vitaly"]
[Result "0-1"]
[WhiteElo "2258"]
[BlackElo "2595"]
[PlyCount "100"]
[EventDate "2016.10.16"]
[EventType "team-tourn"]
[EventCountry "GER"]
[WhiteTeam "Frankfurt SC Brett vorm Kopp"]
[BlackTeam "Moerlenbach Birkenau Freibauer"]
[WhiteTeamCountry "GER"]
[BlackTeamCountry "GER"]

1. c4 b6 2. Nc3 Bb7 3. e4 e6 4. d4 Bb4 5. Bd3 f5 6. d5 fxe4 7. Bxe4 Nf6 8. Bf3
Bxc3+ 9. bxc3 O-O 10. Ne2 e5 11. Ng3 d6 12. O-O Nbd7 13. Be3 Nc5 14. Rb1 Bc8
15. Bxc5 bxc5 16. Ne4 Bf5 17. Re1 Rb8 18. Qc2 Rb6 19. a4 Qd7 20. a5 Rxb1 21.
Qxb1 Bxe4 22. Bxe4 Nxe4 23. Rxe4 Qa4 24. Rh4 g6 25. Rg4 Kh8 26. h4 Qxa5 27. Qc1
Qa2 28. f3 Rb8 29. Qg5 Qb1+ 30. Kh2 Qf5 31. Qe7 Rc8 32. h5 Qf8 33. Qg5 gxh5 34.
Qxh5 a5 35. Rg5 Qf4+ 36. Kh3 Rf8 37. Rg4 Qf6 38. Re4 a4 39. Re2 Qf4 40. g3 Qxf3
41. Qxf3 Rxf3 42. Ra2 Rxc3 43. Rxa4 Kg7 44. Ra7 Kf6 45. Rxc7 e4 46. Rxh7 Ke5
47. Re7+ Kd4 48. Re6 e3 49. Kg2 Rc2+ 50. Kf1 Kd3 0-1

[Event "Oberliga Ost B 2016 2017"]
[Site "Germany"]
[Date "2016.11.20"]
[Round "3.2"]
[White "Galdunts, Sergey"]
[Black "Holvason, Juri"]
[Result "1-0"]
[WhiteElo "2415"]
[BlackElo "2231"]
[PlyCount "67"]
[EventDate "2016.10.16"]
[EventType "team-tourn"]
[EventCountry "GER"]
[WhiteTeam "Moerlenbach Birkenau Freibauer"]
[BlackTeam "Frankfurt SC Brett vorm Kopp"]
[WhiteTeamCountry "GER"]
[BlackTeamCountry "GER"]

1. e4 d6 2. d4 Nf6 3. Nc3 c6 4. f4 Qa5 5. Bd3 e5 6. Nf3 exd4 7. Nxd4 Be7 8. Be3
Ng4 9. Bg1 O-O 10. Qf3 Na6 11. O-O-O Nc5 12. Be2 Nf6 13. Kb1 Bg4 14. Qe3 Bxe2
15. Qxe2 Rfe8 16. Nf3 Bf8 17. Bxc5 Qxc5 18. e5 dxe5 19. fxe5 Re7 20. Rd4 Nd7
21. Ne4 Qa5 22. b4 Qb6 23. Qc4 Nxe5 24. Nxe5 Rxe5 25. Rf1 Bxb4 26. Ka1 Ba3 27.
Qc3 Rb5 28. Nf6+ Kh8 29. Rh4 h5 30. Nxh5 Rxh5 31. Rxh5+ Kg8 32. Qxa3 Qd4+ 33.
Kb1 Re8 34. Qb3 1-0

[Event "Oberliga Ost B 2016 2017"]
[Site "Germany"]
[Date "2016.11.20"]
[Round "3.3"]
[White "Koch, Markus"]
[Black "Legde, Georg"]
[Result "0-1"]
[WhiteElo "2168"]
[BlackElo "2309"]
[PlyCount "54"]
[EventDate "2016.10.16"]
[EventType "team-tourn"]
[EventCountry "GER"]
[WhiteTeam "Frankfurt SC Brett vorm Kopp"]
[BlackTeam "Moerlenbach Birkenau Freibauer"]
[WhiteTeamCountry "GER"]
[BlackTeamCountry "GER"]

1. d4 Nf6 2. c4 e6 3. Nc3 Bb4 4. Qc2 O-O 5. a3 Bxc3+ 6. Qxc3 d6 7. Nf3 Nbd7 8.
e3 b6 9. b4 Bb7 10. Be2 c5 11. Bb2 Qe7 12. dxc5 bxc5 13. b5 d5 14. a4 Nb6 15.
a5 Nxc4 16. Bxc4 dxc4 17. Ne5 Ne4 18. Qxc4 Rfd8 19. Nf3 Nd6 20. Qxc5 Rac8 21.
Qa3 Bxf3 22. gxf3 Qg5 23. Qb3 Nc4 24. Rc1 Nd2 25. Qd1 Qg2 26. Rxc8 Qxh1+ 27.
Ke2 Qxf3+ 0-1

[Event "Oberliga Ost B 2016 2017"]
[Site "Germany"]
[Date "2016.11.20"]
[Round "3.4"]
[White "Dittmar, Peter"]
[Black "Wendel, Stephan"]
[Result "1-0"]
[WhiteElo "2266"]
[BlackElo "2273"]
[PlyCount "65"]
[EventDate "2016.10.16"]
[EventType "team-tourn"]
[EventCountry "GER"]
[WhiteTeam "Moerlenbach Birkenau Freibauer"]
[BlackTeam "Frankfurt SC Brett vorm Kopp"]
[WhiteTeamCountry "GER"]
[BlackTeamCountry "GER"]

1. d4 d5 2. c4 c6 3. cxd5 cxd5 4. Nc3 Nf6 5. Bf4 Nc6 6. e3 Bf5 7. Qb3 Na5 8.
Bb5+ Bd7 9. Qa4 e6 10. Nf3 a6 11. Bxd7+ Nxd7 12. O-O Be7 13. Rfc1 Nc6 14. Qd1
g5 15. Bg3 h5 16. h3 f6 17. e4 Nb6 18. Qe2 Kf7 19. Re1 Qd7 20. Rad1 Rag8 21. h4
g4 22. Nh2 f5 23. exf5 exf5 24. Qc2 Re8 25. Qb3 Nc4 26. Nf1 Bf6 27. Be5 b5 28.
Ne3 Ne7 29. Bxf6 Kxf6 30. Nxc4 dxc4 31. Qa3 Qc6 32. d5 Qb6 33. Re6+ 1-0

[Event "Oberliga Ost B 2016 2017"]
[Site "Germany"]
[Date "2016.11.20"]
[Round "3.6"]
[White "Schaefer, Michael"]
[Black "Vollmar, Rainer"]
[Result "1-0"]
[WhiteElo "2166"]
[BlackElo "2143"]
[PlyCount "67"]
[EventDate "2016.10.16"]
[EventType "team-tourn"]
[EventCountry "GER"]
[WhiteTeam "Moerlenbach Birkenau Freibauer"]
[BlackTeam "Frankfurt SC Brett vorm Kopp"]
[WhiteTeamCountry "GER"]
[BlackTeamCountry "GER"]

1. d4 g6 2. Nf3 Bg7 3. c4 c5 4. d5 d6 5. h3 Nf6 6. Nc3 O-O 7. e4 Na6 8. Bd3 Nc7
9. O-O a6 10. a4 Rb8 11. Re1 b6 12. e5 Nfe8 13. Bg5 f6 14. exf6 exf6 15. Bf4
Rf7 16. Qc2 Bd7 17. h4 Bg4 18. Nh2 Bd7 19. h5 f5 20. hxg6 hxg6 21. Nf3 b5 22.
axb5 axb5 23. Ra7 bxc4 24. Bxc4 Re7 25. Raa1 Rb4 26. b3 Bb5 27. Bg5 Rxe1+ 28.
Rxe1 Nf6 29. Na2 Bxc4 30. Nxb4 Bb5 31. Nc6 Bxc6 32. dxc6 Qa8 33. Qc4+ Kf8 34.
Nh4 1-0

[Event "Oberliga Ost B 2016 2017"]
[Site "Germany"]
[Date "2016.11.20"]
[Round "3.7"]
[White "Engel, Johannes"]
[Black "Wohlfart, Paulus"]
[Result "1-0"]
[WhiteElo "2159"]
[BlackElo "2111"]
[PlyCount "97"]
[EventDate "2016.10.16"]
[EventType "team-tourn"]
[EventCountry "GER"]
[WhiteTeam "Frankfurt SC Brett vorm Kopp"]
[BlackTeam "Moerlenbach Birkenau Freibauer"]
[WhiteTeamCountry "GER"]
[BlackTeamCountry "GER"]

1. d4 f5 2. Nc3 Nf6 3. Bf4 g6 4. e3 Bg7 5. h4 h6 6. Nf3 d6 7. Bc4 e6 8. Qe2 Qe7
9. O-O-O Nc6 10. Bb3 Bd7 11. e4 fxe4 12. Nxe4 O-O-O 13. Nc3 Rhf8 14. Rhe1 Nh5
15. Be3 Qf6 16. Qd2 Rh8 17. Kb1 Rde8 18. Ne4 Qf5 19. Nc3 Nf6 20. Bc4 Nd5 21.
Bd3 Qf7 22. a3 Kb8 23. Be4 Nxc3+ 24. Qxc3 d5 25. Bd3 e5 26. dxe5 Nxe5 27. Nxe5
Bxe5 28. Bxa7+ Kxa7 29. Rxe5 Bc6 30. Qd4+ b6 31. Rde1 Rxe5 32. Rxe5 Rf8 33. f3
Re8 34. Rxe8 Bxe8 35. Qe3 h5 36. Qe5 Kb7 37. Qg5 Qe6 38. b3 Bf7 39. Qf4 Be8 40.
Qd4 Bc6 41. Kb2 Bd7 42. b4 Qd6 43. c4 c6 44. cxd5 c5 45. bxc5 bxc5 46. Qg7 Kb8
47. Be4 Qb6+ 48. Kc1 Qb5 49. Qb2 1-0

[Event "Oberliga Ost B 2016 2017"]
[Site "Germany"]
[Date "2016.11.20"]
[Round "3.8"]
[White "Schiffer, Steve"]
[Black "Barpiyeva, Gulsana"]
[Result "0-1"]
[WhiteElo "2090"]
[BlackElo "2086"]
[PlyCount "132"]
[EventDate "2016.10.16"]
[EventType "team-tourn"]
[EventCountry "GER"]
[WhiteTeam "Moerlenbach Birkenau Freibauer"]
[BlackTeam "Frankfurt SC Brett vorm Kopp"]
[WhiteTeamCountry "GER"]
[BlackTeamCountry "GER"]

1. e4 c5 2. Nf3 e6 3. d4 cxd4 4. Nxd4 a6 5. a4 Nf6 6. Bd3 Qc7 7. O-O Be7 8. Kh1
d6 9. f4 Nbd7 10. Nb3 b6 11. c4 Bb7 12. Nc3 O-O 13. g4 d5 14. cxd5 exd5 15.
exd5 Nc5 16. Be2 Rad8 17. Bf3 Bd6 18. Nxc5 bxc5 19. g5 Nd7 20. Bg2 f5 21. Be3
Rfe8 22. Qf3 Qb6 23. Rf2 Qb3 24. Ra3 Qb4 25. a5 c4 26. Re2 Nc5 27. Bxc5 Qxc5
28. Ra1 Rxe2 29. Qxe2 Bxf4 30. Qe6+ Kh8 31. g6 Bc8 32. Qe1 Bg5 33. gxh7 Kxh7
34. Qg3 Bf6 35. Qh3+ Kg8 36. Qh5 Qd6 37. Re1 Bd7 38. Qe2 Re8 39. Qf1 Be5 40. h3
Rc8 41. Qe2 Bg3 42. Rc1 Bh4 43. Qh5 Bf6 44. Re1 Rb8 45. Qe2 Re8 46. Qf1 Rxe1
47. Qxe1 Bd8 48. Nd1 Bc7 49. Qg1 Bxa5 50. Ne3 Qc5 51. Qc1 c3 52. bxc3 Qxc3 53.
Qxc3 Bxc3 54. d6 a5 55. Nd5 Bd4 56. Ne7+ Kf7 57. Nc6 Bc3 58. Bd5+ Ke8 59. Kg2
a4 60. Kf2 a3 61. Nb8 Be5 62. Ke3 Bxd6 63. Nxd7 Kxd7 64. Kd3 Ke7 65. Ke3 Kf6
66. h4 Kg6 0-1

[Event "Oberliga Ost B 2016 2017"]
[Site "Germany"]
[Date "2016.11.20"]
[Round "3.2"]
[White "Heyder, Florian"]
[Black "Uwira, Oliver"]
[Result "0-1"]
[WhiteElo "2161"]
[BlackElo "2254"]
[PlyCount "44"]
[EventDate "2016.10.16"]
[EventType "team-tourn"]
[EventCountry "GER"]
[WhiteTeam "Sangerhausen SV"]
[BlackTeam "Frankfurt SC Koenig Nied"]
[WhiteTeamCountry "GER"]
[BlackTeamCountry "GER"]

1. e4 c5 2. Nf3 Nc6 3. d4 cxd4 4. Nxd4 Nf6 5. Nc3 e5 6. Ndb5 d6 7. Bg5 a6 8.
Na3 b5 9. Bxf6 gxf6 10. Nd5 f5 11. Bd3 Be6 12. c3 Bg7 13. Nxb5 Bxd5 14. exd5
Ne7 15. Na3 e4 16. Qa4+ Kf8 17. Bc4 Ng6 18. O-O Be5 19. Rfe1 Nh4 20. Bf1 Nf3+
21. Kh1 Qh4 22. h3 Qxf2 0-1

[Event "Oberliga Ost B 2016 2017"]
[Site "Germany"]
[Date "2016.11.20"]
[Round "3.3"]
[White "Staller, Peter"]
[Black "Guenther, Christian"]
[Result "1/2-1/2"]
[WhiteElo "2264"]
[BlackElo "2161"]
[PlyCount "70"]
[EventDate "2016.10.16"]
[EventType "team-tourn"]
[EventCountry "GER"]
[WhiteTeam "Frankfurt SC Koenig Nied"]
[BlackTeam "Sangerhausen SV"]
[WhiteTeamCountry "GER"]
[BlackTeamCountry "GER"]

1. d4 d5 2. Nf3 c6 3. c4 Nf6 4. cxd5 cxd5 5. Nc3 Nc6 6. Bf4 Qb6 7. Na4 Qa5+ 8.
Bd2 Qd8 9. Nc3 Bf5 10. e3 e6 11. Bb5 Nd7 12. h3 Bd6 13. O-O O-O 14. Ne1 Rc8 15.
Bd3 Bxd3 16. Nxd3 Bb8 17. f4 Qc7 18. Rc1 Qd6 19. Na4 b6 20. Nc3 a6 21. Qa4 a5
22. Nb5 Qe7 23. b4 Qd8 24. bxa5 bxa5 25. Na3 Qb6 26. Nc5 Nxc5 27. Rxc5 Bd6 28.
Rb5 Qa6 29. Rfb1 Rb8 30. Rxb8 Rxb8 31. Rxb8+ Bxb8 32. Qb5 Qxb5 33. Nxb5 Kf8 34.
Kf1 Ke7 35. Ke2 Kd7 1/2-1/2